00290nam a2200121Ia 4500008004100000100001800041245002100059260003600080300000900116650001900125942000700144999001700151190216s9999||||xx |||||||||||||| ||und|| aRobert Sewell 0aForgetten Empire bNational Book Trust Indiac1970 a407p aIndian History cBK c18967d18967